Statistics for German Cities by Anglicized Name

Click here to take the quiz!

General Stats

  • This quiz has been taken 43 times
  • The average score is 33 of 50

Answer Stats

Anglicized NameGerman City% Correct
HamburyHamburg
82%
BillfieldBielefeld
77%
LiptishLeipzig
77%
BarlenBerlin
74%
CockshavenCuxhaven
74%
HenverHannover
74%
MinsterMünster
74%
BrimBremen
72%
CottbutCottbus
72%
DrestonDresden
72%
FlensburyFlensburg
72%
FryburyFreiburg
72%
MinchinMünchen
72%
OrangeburyOranienburg
72%
OssenbridgeOsnabrück
72%
SarbridgeSaarbrücken
72%
ThrotmouthDortmund
69%
ChileKiel
69%
MaidburyMagdeburg
69%
RicklinghouseRecklinghausen
69%
WipperdaleWuppertal
69%
BrunswichBraunschweig
67%
ColneKöln
67%
WolvesburyWolfsburg
67%
BrimhavenBremerhaven
64%
CamnetChemnitz
64%
GripeswaldGreifswald
64%
HethelberryHeidelberg
64%
LubbitchLübeck
64%
ManhamMannheim
64%
RainsburyRegensburg
64%
RostokeRostock
64%
SilthSylt
64%
HallHalle
62%
NorberryNürnberg
62%
StudyardStuttgart
62%
ThisslethorpDüsseldorf
59%
CastleKassel
59%
EkesburyAugsburg
56%
TharmsteadDarmstadt
56%
ArlongErlangen
56%
InglesteadIngolstadt
56%
OwenbatchOffenbach
56%
FrankfordFrankfurt
54%
GiddingGöttingen
54%
ThrewerTrier
54%
TheesburyDuisburg
51%
AstonEssen
51%
AldburyOldenburg
51%
WisbathWiesbaden
49%

Score Distribution

Percentile by Number Answered

Percent of People with Each Score

Your Score History

You have not taken this quiz